| 000 | 00978nam a2200253Ia 4500 | ||
|---|---|---|---|
| 001 | 16291 | ||
| 003 | GE_BSU | ||
| 008 | 181216s||||||||xx |||||||||||||| ||und|| | ||
| 020 | _aISBN 978-9941-0-2777-2 | ||
| 040 | _cGE_BSU | ||
| 080 | _a347(042.4) | ||
| 100 | _aხარაზი, ია | ||
| 245 | _aსამოქალაქო სამართალი | ||
| 245 | _b(ზოგადი დებულებები) : ლექციების კურსი .იურიდ. ფაკ-ტის სტუდენტებისათვის | ||
| 245 | _cრედ. მანანა მოსულიშვილი | ||
| 260 | _aთბილისი | ||
| 260 | _bგეორგიკა | ||
| 260 | _c2010. | ||
| 300 | _a368გვ; 20სმ | ||
| 541 | _h24ლ. | ||
| 653 | _aსამართალი | ||
| 653 | _aსამოქალაქო სამართალი - ლექციების კურსი; | ||
| 942 | _cBK | ||
| 999 |
_c49374 _d49374 |
||